000 01095nam a2200193 4500
005 20251107102517.0
008 251107b |||||||| |||| 00| 0 eng d
020 _a9788126554355
037 _cTextual
040 _aRTL
_cRTL
084 _qRTL
100 _aBarnes, Roy
_9850399
245 _aCustomer experience for dummies: It is illegal under Indian law to export this book from India
260 _aNew Delhi
_bWiley India Pvt. Ltd.
_c2019
300 _axiv, 342 p.
_bIncludes bibliographical reference and index
520 _aA positive customer experience is absolutely essential to keeping your business relevant. Today's business owners need to know how to connect and engage with their customers through a variety of different channels, including online reviews and word of mouth. Customer Experience For Dummies helps you listen to your customers and offers friendly, practical, and easy-to-implement solutions for incorporating customer engagement into your business plans and keep the crowds singing your praises.
700 _aKelleher, Bob
_9850400
942 _2CC
_n0
_cTEXL
999 _c1465163
_d1465163